00567nam a22001577a 450000500170000001000150001702000260003202000230005803500130008103700130009408200100010724501740011726000390029127000570033030000220038720150424120540.0 aENG-112269 a9789350571224c195.00 a9350571226c195.00 aEN-95801 bDBAD/PUB a005.3 aConcise dictionary of information technology & computer science :ba perfect reference tool for computer & IT professionals, students, technical writers & other readers  aNew DelhibV & S Publishers c2014 aF-2/16, Ansari Road, Daryaganj, bNew Delhi e110002 a 284p.c22cm(pbk)